000
00243nam a2200097Ia 4500
001
768761
005
20250826165424.0
008
250824s9999 xx 000 0 und d
245
0
_a
DEDEMİN BAKKALI ÇIRAK
_c
ŞERMİN YAŞAR
260
_b
TAZE KİTAP
999
_c
768761
_d
768761